From heaven lake : (Record no. 8828)

MARC details
000 -LEADER
fixed length control field 00663cam a2200229ua 4500
001 - CONTROL NUMBER
control field 9826
005 - DATE AND TIME OF LATEST TRANSACTION
control field 20260515114528.0
008 - FIXED-LENGTH DATA ELEMENTS--GENERAL INFORMATION
fixed length control field 161019n ii |||gr||||Z||||||eng
020 ## - INTERNATIONAL STANDARD BOOK NUMBER
International Standard Book Number 9788179775103
040 ## - CATALOGING SOURCE
Transcribing agency MAIN
041 ## - LANGUAGE CODE
Language code of text/sound track or separate title eng
082 ## - DEWEY DECIMAL CLASSIFICATION NUMBER
Classification number 808.8032
100 ## - MAIN ENTRY--PERSONAL NAME
Personal name Seth, Vikram,
Relator term Author.
245 ## - TITLE STATEMENT
Title From heaven lake :
Remainder of title travels through Sinkiang and Tibet ( a critical study) /
Statement of responsibility, etc. By Vikram Seth & ed. by Rabi Kumar Jha .
250 ## - EDITION STATEMENT
Edition statement 1st ed.
260 ## - PUBLICATION, DISTRIBUTION, ETC.
Place of publication, distribution, etc. Bareilly:
Name of publisher, distributor, etc. Prakash book depot,
Date of publication, distribution, etc. 2014.
300 ## - PHYSICAL DESCRIPTION
Extent 88p.
653 ## - INDEX TERM--UNCONTROLLED
Uncontrolled term Rhetoric & collections of literature
653 ## - INDEX TERM--UNCONTROLLED
Uncontrolled term Travelogue
700 ## - ADDED ENTRY--PERSONAL NAME
Personal name Jha, Rabi Kumar,
Relator term Author.
942 ## - ADDED ENTRY ELEMENTS (KOHA)
Koha item type Books
Holdings
Withdrawn status Lost status Damaged status Not for loan Home library Current library Shelving location Date acquired Total checkouts Full call number Barcode Date last seen Copy number Price effective from Koha item type
        Naharkatiya College Library Naharkatiya College Library General stacks 09/19/2020   808.8032 | JHA 23332 09/19/2020 1 09/19/2020 Books
        Naharkatiya College Library Naharkatiya College Library General stacks 09/19/2020   808.8032 | JHA 23333 09/19/2020 2 09/19/2020 Books